101 challenges in C programming (Record no. 1237812)

MARC details
000 -LEADER
fixed length control field 01562nam a2200289Ia 4500
003 - CONTROL NUMBER IDENTIFIER
control field OSt
005 - DATE AND TIME OF LATEST TRANSACTION
control field 20251127110205.0
008 - FIXED-LENGTH DATA ELEMENTS--GENERAL INFORMATION
fixed length control field 008 250103s9999 xx 000 0 eng d
020 ## - INTERNATIONAL STANDARD BOOK NUMBER
International Standard Book Number 9789386551429
037 ## - SOURCE OF ACQUISITION
Stock number Textbook
040 ## - CATALOGING SOURCE
Original cataloging agency CSL
Language of cataloging eng
Transcribing agency CSL
041 ## - LANGUAGE CODE
Language code of text/sound track or separate title eng
Source of code eng
084 ## - COLON CLASSIFICATION NUMBER
Classification number D65 8(B)92CL
Assigning agency CSL
100 ## - MAIN ENTRY--PERSONAL NAME
Personal name Kanetkar, Yashavant
9 (RLIN) 731823
245 #0 - TITLE STATEMENT
Title 101 challenges in C programming
Statement of responsibility, etc. / by Yashavant Kanetkar and Aditya Kanetkar
260 ## - PUBLICATION, DISTRIBUTION, ETC.
Place of publication, distribution, etc. New Delhi
Name of publisher, distributor, etc. BPB Publisher
Date of publication, distribution, etc. 2017
300 ## - PHYSICAL DESCRIPTION
Extent : ill.
520 ## - SUMMARY, ETC.
Summary, etc. About the Book: 101 Challenges in C Programming Often one thinks that one knows C programming and moves on to learning languages like C++, Java or Python. That is perhaps a mistake. Unless you have a through grinding and sufficient exposure to all features of C programming, you are likely to find yourself an incomplete programmer. To address this precise issue Yashavant and Aditya have crafted well thought out 101C Programming Challenges their complete solution sample runs and explanation. These Challenges would test and improve your knowledge in every aspect of C Programming. Contents: Chapter 1: Basic Control Flow challenges Chapter 2: Decision Making challenges Chapter 3: Looping
650 ## - SUBJECT ADDED ENTRY--TOPICAL TERM
Topical term or geographic name entry element Array Challenges
9 (RLIN) 734058
650 ## - SUBJECT ADDED ENTRY--TOPICAL TERM
Topical term or geographic name entry element Function challenges
9 (RLIN) 734059
650 ## - SUBJECT ADDED ENTRY--TOPICAL TERM
Topical term or geographic name entry element Looping challenges
9 (RLIN) 734060
650 ## - SUBJECT ADDED ENTRY--TOPICAL TERM
Topical term or geographic name entry element Statistics
9 (RLIN) 853123
700 ## - ADDED ENTRY--PERSONAL NAME
Personal name Kanetkar, Yashavant
9 (RLIN) 853124
700 ## - ADDED ENTRY--PERSONAL NAME
Personal name Kanetkar, Aditya
9 (RLIN) 853125
942 ## - ADDED ENTRY ELEMENTS (KOHA)
Koha item type Textbook
Classification part D65 8(B)92CL
Source of classification or shelving scheme Colon Classification (CC)
Suppress in OPAC No
Holdings
Withdrawn status Lost status Source of classification or shelving scheme Damaged status Not for loan Home library Current library Date acquired Source of acquisition Inventory number Total Checkouts Full call number Barcode Date last seen Price effective from Koha item type
    Colon Classification (CC)     Central Science Library Central Science Library 2025-01-17 DSR Publishers & Distributors 637, 28/01/2024   D65 8(B)92CL Q7 SL1655762 2025-01-17 2025-01-17 Textbook
Copyright @ Delhi University Library System